Through the air to the North pole ; or, The wonderful cruise of the electric monarch /

Bibliographic Details
Main Author: Rockwood, Roy, pseud
Format: Book
Language:English
Published: New York : Cupples & Leon, [1906]

MARC

Tag First Indicator Second Indicator Subfields
LEADER 00000cam a2200000 4500
001 in00000037517
005 20151007074333.0
008 760226s1906 nyua 00011 eng
010 |a  06027715  
035 |a (OCoLC)02014981 
035 |9 AAF1351AM 
040 |a DLC  |c SMI  |d TXA  |d UtOrBLW 
049 |a TXAS  |c [1700162] 
050 0 0 |a PZ7.R598  |b Thr 
100 1 |a Rockwood, Roy,  |c pseud. 
245 1 0 |a Through the air to the North pole ;  |b or, The wonderful cruise of the electric monarch /  |c by Roy Rockwood. 
264 1 |a New York :  |b Cupples & Leon,  |c [1906] 
264 4 |c [©1906] 
300 |a 240 pages :  |b illustrations ;  |c 20 cm. 
336 |a text  |b txt  |2 rdacontent 
337 |a unmediated  |b n  |2 rdamedia 
338 |a volume  |b nc  |2 rdacarrier 
740 4 |a The wonderful cruise of the electric monarch. 
999 |a MARS 
999 f f |s d9a217be-f596-3d18-9194-b5041fe545fe  |i 8c2ecfaf-201c-3006-b705-6f90987e4f0f  |t 0 
952 f f |p noncirc  |a Texas A&M University  |b College Station  |c Cushing Memorial Library & Archives  |d Cushing: Science Fiction (Does not check out)  |t 0  |e PZ7.R598 Thr  |h Library of Congress classification  |i unmediated -- volume  |m A14800458810 
998 f f |a PZ7.R598 Thr  |t 0  |l Cushing: Science Fiction (Does not check out)